تاويل مشكل القران / (Record no. 30078)
[ view plain ]
| 000 -الفاتح | |
|---|---|
| حقل البيانات ثابتة الطول | 00871nam a2200205Ia 4500 |
| 005 - وقت وتاريخ اخر تعامل مع التسجيلة | |
| رقم الضبط | 20240530102136.0 |
| 008 - عناصر البيانات ثابتة الطول - معلومات عامة | |
| حقل البيانات ثابتة الطول | 140319s9999 xx 000 0 ara d |
| 040 ## - مصدر الفهرسة | |
| وكالة الفهرسة الأصلية | GCL / |
| وكالة النسخ | GCL |
| 082 04 - رقم تصنيف ديوى العشرى | |
| رقم التصنيف | 224.2/ |
| رقم المادة | ق ت |
| 100 1# - المدخل الرئيسى - إسم شخصى | |
| الإسم الشخصى | ابن قتيبة الدينورى : ابو محمد عبد الله بن مسلم |
| 245 10 - بيان العنوان | |
| العنوان | تاويل مشكل القران / |
| بيان المسئوليه,etc | ابن قتيبة ؛اعداد ودراسة عمر محمد سعيد عبدالعزيز ؛ اشراف ومراجعة عبدالصبور شاهين |
| 260 ## - PUBLICATION, DISTRIBUTION, ETC. (IMPRINT) | |
| تاريخ النشر أو التوزيع | 1989 |
| 300 ## - الوصف المادى | |
| التعداد | 705 ص ؛ |
| أبعاد الوعاء | 22 سم |
| 650 04 - المدخل الاضافى بالموضوع-مصطلح موضوعى | |
| مصطلح موضوعي | القران - الفاظ |
| 650 04 - المدخل الاضافى بالموضوع-مصطلح موضوعى | |
| مصطلح موضوعي | القران |
| 700 0# - المدخل الاضافى - اسم شخصى | |
| الإسم الشخصى | عمر محمد سعيد عبدالعزيز |
| الدور | معد |
| 700 0# - المدخل الاضافى - اسم شخصى | |
| الإسم الشخصى | عبدالصبور شاهين |
| الدور | مشرف ومعد |
| 942 ## - عناصر المدخل الإضافي( كوها) | |
| مصدر التصنيف او مخطط الترفيف | Dewey Decimal Classification |
| Koha [default] item type | كتاب |
| 260 ## - PUBLICATION, DISTRIBUTION, ETC. (IMPRINT) | |
| -- | القاهرة : |
| -- | مركز الاهرام للترجمة والنشر ، |
| حالة التراجع | حالة الفقد | حالة تلف | ليس للاعارة | المكان المؤقت | الموقع الحالى | تاريخ الاكتساب | اجمالي اﻻعارات | رقم الطلب | الباركود | تاريخ اخر مشاهدة | تاريخ تفعيل السعر | نوع وعاء كوها |
|---|---|---|---|---|---|---|---|---|---|---|---|---|
| مكتبة القاهرة الكبرى | مكتبة القاهرة الكبرى | 03/26/2014 | 224.2/ق ت | 69998 | 03/26/2014 | 03/26/2014 | كتاب | |||||
| مكتبة القاهرة الكبرى | مكتبة القاهرة الكبرى | 03/26/2014 | 224.2/ق ت | 69999 | 03/26/2014 | 03/26/2014 | كتاب | |||||
| مكتبة القاهرة الكبرى | مكتبة القاهرة الكبرى | 03/26/2014 | 224.2/ق ت | 70000 | 03/26/2014 | 03/26/2014 | كتاب | |||||
| مكتبة القاهرة الكبرى | مكتبة القاهرة الكبرى | 03/26/2014 | 224.2/ق ت | 70001 | 03/26/2014 | 03/26/2014 | كتاب | |||||
| مكتبة القاهرة الكبرى | مكتبة القاهرة الكبرى | 03/26/2014 | 224.2/ق ت | 70002 | 03/26/2014 | 03/26/2014 | كتاب |

